La revolución comercial : el Key Account, el Trade Marketing y el Category Manager /

Análisis del futuro de las empresas, la distribución necesita interlocutores profesionales. Las relaciones de las marcas con sus distribuidores son cada vez más duras y apasionadas, la misma ha conseguido casi dominar a los fabricantes, hasta el extremo de competir incluso con ellos. Así se han crea...

Descripció completa

Guardat en:
Dades bibliogràfiques
Autor principal: Liria, Eduardo (autor)
Format: Llibre
Idioma:espanyol
Publicat: Madrid, España : McGraw-Hill, 2001, c2001
Col·lecció:(McGraw-Hill de Management)
Matèries:
Etiquetes: Afegir etiqueta
Sense etiquetes, Sigues el primer a etiquetar aquest registre!

MARC

LEADER 00000nam^a2200000^a^4500
001 000131860
005 20250521000000.0
009 20260310095037.357
020 |a 84-481-3202-5 
037 |a Acervo ITESO - Biblioteca 
041 |a ESP 
082 |a 658. 84  |b LIR 
100 |a Liria, Eduardo  |e (autor) 
245 1 3 |a La revolución comercial :  |b el Key Account, el Trade Marketing y el Category Manager /  |c E. Liria ; pról. de Constan Dacosta. 
264 4 |a Madrid, España :  |b McGraw-Hill,  |c 2001, c2001 
300 |a XVIII, 276 p. 
336 |a texto  |b txt  |2 rdacontenido 
337 |a sin mediación  |b n  |2 rdamedio 
338 |a volumen  |b nc  |2 rdasoporte 
440 1 |a (McGraw-Hill de Management) 
520 |a Análisis del futuro de las empresas, la distribución necesita interlocutores profesionales. Las relaciones de las marcas con sus distribuidores son cada vez más duras y apasionadas, la misma ha conseguido casi dominar a los fabricantes, hasta el extremo de competir incluso con ellos. Así se han creado nuevas figuras en sus organizaciones que este libro detalla y que considera una revolución comercial. Incluye un estudio delphi realizado entre las más importantes compañías de gran consumo en España. 
649 |a XX 
650 |a Transnacionales 
650 |a Atención al Cliente 
650 |a Relaciones Públicas 
650 |a Canales de Distribución 
650 |a Marcas (Mercadotecnia) 
650 |a Distribución del Producto 
650 |a Comunicación Organizacional 
650 |a Mezcla de Mercadotecnia 
650 |a Mercadotecnia 
650 |a Ciencias Administrativas 
910 |a Fondo General 
920 |a Impresos - Libros 
930 |a Colección General 
905 |a 101 
901 |a 0500061353  |b IT1  |c ACC  |u 20250521 
902 |a https://opac.biblio.iteso.mx/vufind/Record/000131860